[Event "Vojvodina Cup-chT"]
[Site "Senta"]
[Date "2025.04.25"]
[Round "2.1"]
[White "Paroski, Sinisa"]
[Black "Farkas, Tibor"]
[Result "1/2-1/2"]
[WhiteElo "2124"]
[BlackElo "2196"]
[PlyCount "24"]
[EventDate "2025.04.24"]
[EventType "team-swiss"]
[EventRounds "5"]
[EventCountry "SRB"]
[SourceTitle "CB18_2025"]
[SourceDate "2025.04.30"]
[SourceVersion "1"]
[SourceVersionDate "2025.04.30"]
[SourceQuality "1"]
[WhiteTeam "Srbobran"]
[BlackTeam "Bajsa Lajos Segi"]
[WhiteTeamCountry "SRB"]
[BlackTeamCountry "SRB"]

1. d4 Nf6 2. Bf4 g6 3. c3 Bg7 4. Nd2 d5 5. e3 0-0 6. Ngf3 Nbd7 7. Be2 c5 8. Ne5 Nxe5 9. Bxe5 Qb6 10. Qb3 Be6 11. 0-0 Nd7 12. Bxg7 Kxg7 1/2-1/2

[Event "Gligoric Cup 7th"]
[Site "Backa Palanka"]
[Date "2021.06.06"]
[Round "5.2"]
[White "Paroski, Sinisa"]
[Black "Brajic, Miloje"]
[Result "1/2-1/2"]
[WhiteElo "2193"]
[BlackElo "2137"]
[PlyCount "78"]
[EventDate "2021.06.03"]
[EventType "team-tourn"]
[EventRounds "5"]
[EventCountry "SRB"]
[SourceTitle "CBM 203 Extra"]
[Source "ChessBase"]
[SourceDate "2021.09.30"]
[SourceVersion "1"]
[SourceVersionDate "2021.09.30"]
[SourceQuality "1"]
[WhiteTeam "Srbobran"]
[BlackTeam "Backa Palanka"]
[WhiteTeamCountry "SRB"]
[BlackTeamCountry "SRB"]

1. d4 d5 2. Bf4 e6 3. e3 Bd6 4. Bg3 Nf6 5. Nf3 c5 6. c3 Nc6 7. Nbd2 Qe7 8. Ne5 Nd7 9. f4 f6 10. Qh5+ g6 11. Nxg6 Qf7 12. f5 e5 13. Be2 Rg8 14. Nh4 Qxh5 15. Bxh5+ Ke7 16. dxe5 fxe5 17. e4 d4 18. Be2 Nf6 19. Bf2 Bd7 20. h3 b5 21. g4 c4 22. Rg1 h6 23. Ng6+ Kf7 24. Nxc4 bxc4 25. Bxc4+ Kg7 26. Bxg8 Rxg8 27. cxd4 Bb4+ 28. Ke2 exd4 29. Kd3 Re8 30. e5 Nxe5+ 31. Nxe5 Rxe5 32. Bxd4 Bb5+ 33. Kc2 Re2+ 34. Kb3 Bd2 35. Bxa7 Ne4 36. Bd4+ Kf7 37. h4 Nd6 38. a4 Bc4+ 39. Ka3 Bd3 1/2-1/2

[Event "Vrnjacka Banja Gligoric Cup 6th"]
[Site "Vrnjacka Banja"]
[Date "2019.05.26"]
[Round "5.4"]
[White "Paroski, Sinisa"]
[Black "Radovanovic, Mihajlo"]
[Result "0-1"]
[WhiteElo "2170"]
[BlackElo "2483"]
[PlyCount "66"]
[EventDate "2019.05.23"]
[EventType "team-swiss"]
[EventRounds "5"]
[EventCountry "SRB"]
[SourceTitle "CBM 190 Extra"]
[Source "ChessBase"]
[SourceDate "2019.07.15"]
[SourceVersion "1"]
[SourceVersionDate "2019.07.15"]
[SourceQuality "1"]
[WhiteTeam "Srbobran"]
[BlackTeam "Goracici Jelica"]
[WhiteTeamCountry "SRB"]
[BlackTeamCountry "SRB"]

1. d4 d6 2. Bf4 g6 3. e3 Bg7 4. Nf3 Nd7 5. h3 e5 6. Bh2 Nh6 7. Be2 0-0 8. 0-0 Qe7 9. c4 f5 10. Nc3 c6 11. Rc1 Nf7 12. b4 Nf6 13. b5 e4 14. Nd2 g5 15. bxc6 bxc6 16. Nb3 Bh6 17. Qd2 Bd7 18. c5 d5 19. Na5 Ne8 20. Ba6 Nd8 21. Rfe1 f4 22. Rb1 Nc7 23. Bf1 Nce6 24. Rb3 Qg7 25. Reb1 g4 26. hxg4 Qxg4 27. Ne2 f3 28. Ng3 Ng5 29. Qd1 Qh4 30. Nh1 Bg4 31. g3 Qh5 32. Rb8 Rxb8 33. Rxb8 Nge6 0-1

[Event "Gligoric Cup 5th"]
[Site "Novi Sad"]
[Date "2018.11.04"]
[Round "1.2"]
[White "Markovic, Miroslav"]
[Black "Paroski, Sinisa"]
[Result "1-0"]
[WhiteElo "2466"]
[BlackElo "2182"]
[PlyCount "81"]
[EventDate "2018.11.04"]
[EventType "team-swiss"]
[EventRounds "5"]
[EventCountry "SRB"]
[SourceTitle "CBM 187 Extra"]
[Source "ChessBase"]
[SourceDate "2018.11.04"]
[SourceVersion "1"]
[SourceVersionDate "2018.11.04"]
[SourceQuality "1"]
[WhiteTeam "Valjevo"]
[BlackTeam "Srbobran"]
[WhiteTeamCountry "SRB"]
[BlackTeamCountry "SRB"]

1. e4 e5 2. Nc3 Nf6 3. Bc4 Bc5 4. d3 d6 5. h3 Be6 6. Nge2 Nc6 7. 0-0 h6 8. Ng3 0-0 9. Na4 Bb6 10. c3 d5 11. Bb3 dxe4 12. dxe4 Qxd1 13. Rxd1 Bxb3 14. axb3 Rad8 15. Re1 Na5 16. Nc5 Bxc5 17. Rxa5 Nd7 18. b4 Bb6 19. Rd5 c6 20. Rd3 Nf6 21. Rf3 Nh7 22. Nf5 Ng5 23. Rg3 Kh7 24. Bxg5 hxg5 25. Rxg5 g6 26. Ne3 f6 27. Rg3 Rd2 28. b3 Rfd8 29. Rf3 Kg7 30. Nc4 Ra2 31. h4 Bc7 32. g4 b5 33. Ne3 Bb6 34. h5 Rdd2 35. Kg2 Rab2 36. Kg3 Rxb3 37. g5 fxg5 38. h6+ Kg8 39. Ng4 Bd8 40. Ra1 Rd7 41. Ra6 1-0

[Event "Vojvodina op 9th"]
[Site "Novi Sad"]
[Date "2018.07.27"]
[Round "9"]
[White "Zhukov, Anton"]
[Black "Paroski, Sinisa"]
[Result "1/2-1/2"]
[WhiteElo "2046"]
[BlackElo "2199"]
[PlyCount "63"]
[EventDate "2018.07.22"]
[EventType "swiss"]
[EventRounds "9"]
[EventCountry "YUG"]
[SourceTitle "CBM 185 Extra"]
[Source "ChessBase"]
[SourceDate "2018.07.29"]
[SourceVersion "1"]
[SourceVersionDate "2018.07.29"]
[SourceQuality "1"]

1. d4 d5 2. c4 c6 3. Nf3 Nf6 4. Qb3 dxc4 5. Qxc4 Bf5 6. g3 e6 7. Bg2 Be7 8. 0-0 0-0 9. Nc3 Nbd7 10. Bf4 Ne4 11. Rac1 Nb6 12. Qb3 Nxc3 13. bxc3 Be4 14. Rfd1 Qc8 15. c4 Re8 16. c5 Nd5 17. Nd2 Bxg2 18. Kxg2 b6 19. cxb6 axb6 20. Ne4 Qa6 21. Rd2 Rec8 22. Bd6 f5 23. Bxe7 fxe4 24. Bd6 Qa4 25. Qxa4 Rxa4 26. Be5 c5 27. dxc5 Rxc5 28. Rxc5 bxc5 29. Rb2 Nb4 30. Bd6 Rxa2 31. Rxa2 Nxa2 32. Bxc5 1/2-1/2

[Event "Gligoric Cup 3rd"]
[Site "Kraljevo"]
[Date "2015.05.21"]
[Round "6.4"]
[White "Novoselski, Zoran"]
[Black "Paroski, Sinisa"]
[Result "0-1"]
[WhiteElo "2350"]
[BlackElo "2188"]
[PlyCount "114"]
[EventDate "2015.05.16"]
[EventType "team-swiss"]
[EventRounds "7"]
[EventCountry "SRB"]
[SourceTitle "CBM 166 Extra"]
[Source "ChessBase"]
[SourceDate "2015.06.18"]
[SourceVersion "1"]
[SourceVersionDate "2015.06.18"]
[SourceQuality "1"]
[WhiteTeam "Kragujevac Radnicki"]
[BlackTeam "Srbobran"]
[WhiteTeamCountry "SRB"]
[BlackTeamCountry "SRB"]

1. e4 e5 2. Nf3 Nc6 3. Bb5 a6 4. Ba4 Nf6 5. 0-0 Be7 6. Re1 b5 7. Bb3 d6 8. c3 0-0 9. d4 Bg4 10. Be3 exd4 11. cxd4 Na5 12. Bc2 Nc4 13. Bc1 c5 14. b3 Nb6 15. Nbd2 Nfd7 16. h3 Bh5 17. Bb2 Rc8 18. Qb1 Bg6 19. Nf1 Bf6 20. Ne3 cxd4 21. Nxd4 d5 22. exd5 Bxd4 23. Bxd4 Bxc2 24. Nxc2 Nxd5 25. Qb2 Qg5 26. Ne3 Nf4 27. Rad1 Nc5 28. Bxc5 Rxc5 29. Kh2 Rfc8 30. g3 Ng6 31. Qd4 h6 32. b4 Rc3 33. h4 Qe5 34. Nd5 Qxd4 35. Rxd4 R3c4 36. Rdd1 Rb8 37. a3 Nf8 38. Re7 Rc2 39. Kg2 Ra2 40. Rd3 Ng6 41. Ree3 h5 42. Nc7 Rb6 43. Re8+ Kh7 44. Rf3 f6 45. Nd5 Rd6 46. Rf5 Kh6 47. Kh2 Ne5 48. Ne7 g6 49. Rf4 Ng4+ 50. Kg1 Rd1+ 51. Kg2 Rdd2 52. Rh8+ Kg7 53. Ra8 Nxf2 54. Ra7 Ng4+ 55. Kg1 Rg2+ 56. Kh1 Rh2+ 57. Kg1 Rag2+ 0-1

[Event "Gligoric Cup 1st"]
[Site "Banja Koviljaca"]
[Date "2013.05.24"]
[Round "5.6"]
[White "Paroski, Sinisa"]
[Black "Gajin, Nikola"]
[Result "0-1"]
[WhiteElo "2167"]
[BlackElo "2146"]
[PlyCount "116"]
[EventDate "2013.05.20"]
[EventType "team-swiss"]
[EventRounds "7"]
[EventCountry "SRB"]
[SourceTitle "CBM 154 Extra"]
[Source "ChessBase"]
[SourceDate "2013.06.25"]
[SourceVersion "2"]
[SourceVersionDate "2013.06.25"]
[SourceQuality "1"]
[WhiteTeam "Srbobran"]
[BlackTeam "Banovci Dunav"]
[WhiteTeamCountry "SRB"]
[BlackTeamCountry "SRB"]

1. e4 c6 2. Nc3 d5 3. Nf3 Bg4 4. h3 Bxf3 5. Qxf3 e6 6. a3 Nd7 7. d3 Ngf6 8. g4 Ne5 9. Qe2 d4 10. Nb1 Nfd7 11. f4 Ng6 12. f5 Nge5 13. Bg2 Be7 14. 0-0 h5 15. c3 dxc3 16. bxc3 hxg4 17. hxg4 Bg5 18. Nd2 Bxd2 19. Bxd2 Qh4 20. Bf4 Nxg4 21. fxe6 fxe6 22. Qe1 Qxe1 23. Rfxe1 0-0-0 24. d4 Rdf8 25. Bg3 Nb6 26. a4 Nc4 27. d5 Nge3 28. dxc6 bxc6 29. Rab1 e5 30. Bf2 Nxg2 31. Kxg2 Rh6 32. Re2 Rg6+ 33. Bg3 Rd8 34. Rf1 Rf6 35. Rf5 Rg6 36. Rf3 Rd2 37. Rxd2 Nxd2 38. Re3 Rg4 39. Kh3 Nf1 40. Kxg4 Nxe3+ 41. Kg5 Nc4 42. Kg6 Kd7 43. Kxg7 Ke6 44. Kf8 Nd6 45. Be1 a6 46. c4 Nxc4 47. Ke8 Kd6 48. Kd8 c5 49. a5 Na3 50. Kc8 Kc6 51. Bc3 Nc4 52. Kd8 Nd6 53. Ke7 Nxe4 54. Bxe5 c4 55. Ke6 c3 56. Bd4 c2 57. Be3 Nc5+ 58. Ke5 Nb3 0-1

[Event "Gligoric Cup 1st"]
[Site "Banja Koviljaca"]
[Date "2013.05.23"]
[Round "4.5"]
[White "Paroski, Sinisa"]
[Black "Lazic, Dragoljub"]
[Result "1/2-1/2"]
[WhiteElo "2167"]
[BlackElo "2284"]
[PlyCount "86"]
[EventDate "2013.05.20"]
[EventType "team-swiss"]
[EventRounds "7"]
[EventCountry "SRB"]
[SourceTitle "CBM 154 Extra"]
[Source "ChessBase"]
[SourceDate "2013.06.25"]
[SourceVersion "2"]
[SourceVersionDate "2013.06.25"]
[SourceQuality "1"]
[WhiteTeam "Srbobran"]
[BlackTeam "Valjevo"]
[WhiteTeamCountry "SRB"]
[BlackTeamCountry "SRB"]

1. e4 c5 2. Nf3 d6 3. d4 cxd4 4. Nxd4 Nf6 5. Nc3 a6 6. Be2 e5 7. Nb3 Be7 8. 0-0 Be6 9. f4 Qc7 10. a4 exf4 11. Rxf4 Nc6 12. Kh1 0-0 13. Nd5 Bxd5 14. exd5 Ne5 15. a5 Rac8 16. c3 Rfe8 17. Be3 Nfd7 18. Rb4 Bf8 19. Bg1 g6 20. Nd2 Nc5 21. Nf1 f5 22. Bxc5 dxc5 23. Rb6 Bd6 24. c4 Nd7 25. Rb3 Re5 26. Bf3 Rce8 27. Qd2 Nf6 28. Rd3 Ne4 29. Bxe4 Rxe4 30. Qc2 Rh4 31. h3 Rhe4 32. Rdd1 Qe7 33. Rab1 Qh4 34. b3 Re2 35. Qd3 Qf4 36. Qf3 Qe5 37. Kg1 Re4 38. Qf2 Re2 39. Qf3 Re7 40. Qd3 h5 41. Rd2 Re4 42. Rc1 Rc7 43. Rdd1 Kh7 1/2-1/2

[Event "Senta op-A 16th"]
[Site "Senta"]
[Date "2012.07.15"]
[Round "2"]
[White "Matsenko, Sergei"]
[Black "Paroski, Sinisa"]
[Result "1/2-1/2"]
[WhiteElo "2460"]
[BlackElo "2184"]
[PlyCount "62"]
[EventDate "2012.07.14"]
[EventType "swiss"]
[EventRounds "9"]
[EventCountry "SRB"]
[SourceTitle "CBM 149 Extra"]
[Source "ChessBase"]
[SourceDate "2012.08.24"]
[SourceVersion "1"]
[SourceVersionDate "2012.08.24"]
[SourceQuality "1"]

1. e4 e5 2. Nf3 Nc6 3. Bb5 a6 4. Ba4 Nf6 5. 0-0 Be7 6. Re1 b5 7. Bb3 d6 8. c3 0-0 9. h3 Re8 10. d4 Bb7 11. Nbd2 Bf8 12. a3 h6 13. Bc2 Nb8 14. b4 Nbd7 15. d5 c6 16. c4 Nb6 17. Qe2 Qc7 18. dxc6 Qxc6 19. Bb2 Nxc4 20. Nxc4 Qxc4 21. Qxc4 bxc4 22. Rac1 Rec8 23. Bb1 Rc7 24. Re3 Nd7 25. a4 a5 26. bxa5 Rxa5 27. Bc2 Nc5 28. Bc3 Ra6 29. Ra1 Bc8 30. Nd2 Be6 31. Bb4 Be7 1/2-1/2

[Event "Senta op-A 16th"]
[Site "Senta"]
[Date "2012.07.15"]
[Round "3"]
[White "Paroski, Sinisa"]
[Black "Vujic, Mihailo"]
[Result "0-1"]
[WhiteElo "2184"]
[BlackElo "2357"]
[PlyCount "56"]
[EventDate "2012.07.14"]
[EventType "swiss"]
[EventRounds "9"]
[EventCountry "SRB"]
[SourceTitle "CBM 149 Extra"]
[Source "ChessBase"]
[SourceDate "2012.08.24"]
[SourceVersion "1"]
[SourceVersionDate "2012.08.24"]
[SourceQuality "1"]

1. e4 e5 2. Nf3 Nc6 3. Bb5 f5 4. d3 fxe4 5. dxe4 Nf6 6. 0-0 Bc5 7. Nc3 d6 8. Qd3 Bd7 9. Nd5 0-0 10. Bg5 Kh8 11. c3 a6 12. Bc4 b5 13. Bb3 Na5 14. Bc2 Ba7 15. b3 Rc8 16. a4 bxa4 17. bxa4 Ra8 18. Nh4 Bc5 19. Nf5 Bxf5 20. exf5 c6 21. Nxf6 gxf6 22. Bh6 Rg8 23. Rab1 d5 24. Qe2 Qd7 25. Be3 Bd6 26. Bd3 e4 27. Bxa6 Qxf5 28. Bb6 Bxh2+ 0-1

[Event "Backa Topola-ch"]
[Site "Backa Topola"]
[Date "2011.11.11"]
[Round "1"]
[White "Paroski, Sinisa"]
[Black "Vucic, Milut"]
[Result "1-0"]
[WhiteElo "2182"]
[BlackElo "1845"]
[PlyCount "53"]
[EventDate "2011.11.11"]
[EventType "swiss"]
[EventRounds "9"]
[EventCountry "SRB"]
[SourceTitle "CBM 145 Extra"]
[Source "ChessBase"]
[SourceDate "2012.01.03"]
[SourceVersion "1"]
[SourceVersionDate "2012.01.03"]
[SourceQuality "1"]

1. e4 c5 2. Nf3 e6 3. d3 a6 4. g3 Nc6 5. Bg2 Nf6 6. 0-0 b5 7. Re1 e5 8. Nc3 Be7 9. Nd5 0-0 10. c3 d6 11. h3 Re8 12. a4 Bb7 13. d4 b4 14. dxe5 Nxd5 15. exd5 Nxe5 16. Nxe5 dxe5 17. Rxe5 Bf6 18. Rxe8+ Qxe8 19. Be3 bxc3 20. bxc3 Bxc3 21. Rc1 Qe5 22. Qb3 Bb4 23. Bxc5 a5 24. Bxb4 axb4 25. Qxb4 Bxd5 26. Qc5 Rd8 27. Bxd5 1-0

[Event "Senta op-B 15th"]
[Site "Senta"]
[Date "2011.07.16"]
[Round "1"]
[White "Paroski, Sinisa"]
[Black "Kovacs, Attila J"]
[Result "1-0"]
[WhiteElo "2180"]
[BlackElo "1815"]
[PlyCount "107"]
[EventDate "2011.07.16"]
[EventType "swiss"]
[EventRounds "9"]
[EventCountry "SRB"]
[SourceTitle "EXT 2019"]
[Source "ChessBase"]
[SourceDate "2018.10.10"]
[SourceVersion "1"]
[SourceVersionDate "2018.10.10"]
[SourceQuality "1"]

1. e4 c6 2. Nc3 d5 3. Nf3 dxe4 4. Nxe4 Bf5 5. Ng3 Bg6 6. h4 h6 7. Ne5 Qd6 8. d4 Nd7 9. Nxg6 Qxg6 10. Bd3 Qf6 11. Be3 e6 12. Qe2 Bb4+ 13. c3 Ba5 14. Nh5 Qe7 15. Nxg7+ Kd8 16. 0-0-0 Ngf6 17. g4 Nd5 18. Bd2 Kc7 19. Nh5 Raf8 20. Nf4 Nxf4 21. Bxf4+ Kc8 22. g5 Bc7 23. Bxc7 Kxc7 24. f4 Qd6 25. Qe4 Qd5 26. Qxd5 cxd5 27. Rdg1 Rfg8 28. Kd2 Kd6 29. Ke3 a6 30. Kf3 Nf8 31. h5 Rg7 32. Kg4 Rhg8 33. Kh4 Ke7 34. Rg3 f6 35. g6 f5 36. c4 dxc4 37. Bxc4 Kf6 38. d5 Rc7 39. Bb3 Rgg7 40. Rd3 exd5 41. Rxd5 Rcd7 42. Rhd1 Rxd5 43. Rxd5 Rd7 44. Kg3 Rxd5 45. Bxd5 b6 46. Kf2 Nd7 47. Ke3 Nc5 48. Kd4 Nd7 49. b4 Nf8 50. a4 Nd7 51. a5 bxa5 52. bxa5 Kg7 53. Bc4 Nf6 54. Be2 1-0

[Event "Senta January op"]
[Site "Senta"]
[Date "2011.02.05"]
[Round "6"]
[White "Paroski, Sinisa"]
[Black "Markus, Tibor"]
[Result "1-0"]
[WhiteElo "2196"]
[BlackElo "1851"]
[PlyCount "29"]
[EventDate "2011.01.21"]
[EventType "swiss"]
[EventRounds "9"]
[EventCountry "SRB"]
[SourceTitle "CBM 140 Extra"]
[Source "ChessBase"]
[SourceDate "2011.03.01"]
[SourceVersion "1"]
[SourceVersionDate "2011.03.01"]
[SourceQuality "1"]

1. e4 c5 2. Nf3 Nc6 3. Bb5 g6 4. Bxc6 bxc6 5. 0-0 Bg7 6. d3 d6 7. h3 Ba6 8. Re1 Nf6 9. e5 dxe5 10. Nxe5 Qb6 11. Nc3 Nd5 12. Qf3 Bxe5 13. Nxd5 Qb8 14. Nf6+ Bxf6 15. Qxf6 1-0

[Event "Senta January op"]
[Site "Senta"]
[Date "2011.01.29"]
[Round "4"]
[White "Paroski, Sinisa"]
[Black "Kumic, Filip"]
[Result "0-1"]
[WhiteElo "2196"]
[BlackElo "2043"]
[PlyCount "50"]
[EventDate "2011.01.21"]
[EventType "swiss"]
[EventRounds "9"]
[EventCountry "SRB"]
[SourceTitle "CBM 140 Extra"]
[Source "ChessBase"]
[SourceDate "2011.03.01"]
[SourceVersion "1"]
[SourceVersionDate "2011.03.01"]
[SourceQuality "1"]

1. e4 c5 2. Nf3 d6 3. d4 cxd4 4. Nxd4 Nf6 5. Nc3 a6 6. Be2 e5 7. Nb3 Be7 8. 0-0 0-0 9. Re1 Be6 10. Bf3 Nbd7 11. a4 Rc8 12. Nd2 Qa5 13. Nf1 Rc4 14. Bd2 Qc5 15. Ne3 Rd4 16. Ne2 Rxe4 17. Bxe4 Nxe4 18. c4 f5 19. b4 Qa7 20. Rf1 Bg5 21. f4 exf4 22. Nxf4 Bxc4 23. Qc2 Bxf1 24. Rxf1 Nxd2 25. Qxd2 Re8 0-1

[Event "Senta op-B 14th"]
[Site "Senta"]
[Date "2010.07.21"]
[Round "6"]
[White "Paroski, Sinisa"]
[Black "Bulatovic, Ilija"]
[Result "1-0"]
[WhiteElo "2147"]
[BlackElo "2032"]
[PlyCount "157"]
[EventDate "2010.07.17"]
[EventType "swiss"]
[EventRounds "9"]
[EventCountry "YUG"]
[SourceTitle "EXT 2011"]
[Source "ChessBase"]
[SourceDate "2010.11.26"]
[SourceVersion "1"]
[SourceVersionDate "2010.11.26"]
[SourceQuality "1"]

1. e4 c5 2. Nf3 d6 3. d4 cxd4 4. Nxd4 Nf6 5. Nc3 a6 6. Be2 e5 7. Nb3 Be7 8. 0-0 0-0 9. Re1 Be6 10. Bf3 Nbd7 11. a4 Rc8 12. Nd2 Nc5 13. Nf1 Kh8 14. Ne3 Qd7 15. a5 Rc7 16. h3 Rd8 17. Ncd5 Bxd5 18. exd5 Qc8 19. Nc4 Qf5 20. b4 Nce4 21. Qd3 Qg6 22. Bxe4 Nxe4 23. Qxe4 Qxe4 24. Rxe4 f5 25. Re2 Rxc4 26. Rb1 Rdc8 27. b5 Bd8 28. bxa6 bxa6 29. Ba3 Rd4 30. c4 Rdxc4 31. Bxd6 Bxa5 32. Bxe5 Bc3 33. d6 Bxe5 34. Rxe5 Rd4 35. Rb6 h6 36. Rxa6 Rd8 37. Re6 Kg8 38. g3 Rd7 39. h4 Kf7 40. Re5 Kf6 41. Raa5 g6 42. h5 R4xd6 43. hxg6 Kxg6 44. Rxf5 Re6 45. Kg2 Rf7 46. Rxf7 Kxf7 47. Kh3 Rb6 48. Kg4 Kg6 49. f3 Rc6 50. Kh4 Rb6 51. Rc5 Ra6 52. Rb5 Rc6 53. Ra5 Rb6 54. f4 Rf6 55. Kg4 Rb6 56. Rc5 Ra6 57. Rb5 Rc6 58. Re5 Rb6 59. Ra5 Rc6 60. Ra7 Rb6 61. Kh4 Rf6 62. Rb7 Ra6 63. Rc7 Rb6 64. Ra7 Rc6 65. g4 Rc1 66. f5+ Kf6 67. Ra6+ Kg7 68. Rg6+ Kh7 69. Kg3 Rf1 70. Ra6 Kg7 71. Ra7+ Kg8 72. Kg2 Rf4 73. Kg3 Rf1 74. Ra3 Kg7 75. Rf3 Rg1+ 76. Kh4 Kf6 77. Rh3 Rg2 78. Rh1 Rf2 79. Kg3 1-0

[Event "Senta op-B 14th"]
[Site "Senta"]
[Date "2010.07.19"]
[Round "4"]
[White "Paroski, Sinisa"]
[Black "Tadic, Nikola"]
[Result "1-0"]
[WhiteElo "2147"]
[BlackElo "1957"]
[PlyCount "115"]
[EventDate "2010.07.17"]
[EventType "swiss"]
[EventRounds "9"]
[EventCountry "YUG"]
[SourceTitle "EXT 2011"]
[Source "ChessBase"]
[SourceDate "2010.11.26"]
[SourceVersion "1"]
[SourceVersionDate "2010.11.26"]
[SourceQuality "1"]

1. e4 c5 2. Nf3 d6 3. d4 cxd4 4. Nxd4 Nf6 5. Nc3 g6 6. Be2 Bg7 7. 0-0 0-0 8. Bg5 Nc6 9. Nb3 Be6 10. f4 a5 11. a4 Nb4 12. Nd4 Rc8 13. Nxe6 fxe6 14. Kh1 Kh8 15. Rf3 Qb6 16. Bh4 Qc7 17. Rc1 Qb8 18. Rh3 Rc7 19. Qe1 Qe8 20. Bg5 Ng8 21. Qh4 h6 22. Bg4 Qf7 23. Rf3 Bf6 24. Qh3 Qg7 25. Bxe6 Bxg5 26. fxg5 Rxf3 27. Qxf3 hxg5 28. Qh3+ Qh6 29. Qe3 Nf6 30. Qb6 Na6 31. Nb5 g4 32. Rf1 g3 33. h3 Nxe4 34. Qd4+ Nf6 35. Nxc7 Nxc7 36. Bc8 Kh7 37. Qc4 Ncd5 38. Bxb7 Qg5 39. Bxd5 Nxd5 40. Qe4 Kh6 41. c4 Ne3 42. Rf3 Ng4 43. Qf4 Nf2+ 44. Kg1 Qxf4 45. Rxf4 Nd3 46. Rh4+ Kg7 47. b3 Nc5 48. Rg4 Nxb3 49. Rxg3 Nc5 50. Ra3 Kf6 51. Kf2 e5 52. Ke3 Kf5 53. Ra1 Ke6 54. g4 e4 55. Rb1 Nxa4 56. Rb5 Nc5 57. Rxa5 g5 58. Rxc5 1-0

[Event "SRB-chT Cup"]
[Site "Kragujevac"]
[Date "2010.05.20"]
[Round "3"]
[White "Marinkovic, Zoran"]
[Black "Paroski, Sinisa"]
[Result "1-0"]
[WhiteElo "2270"]
[BlackElo "2169"]
[PlyCount "63"]
[EventDate "2010.05.18"]
[EventType "team-tourn"]
[EventRounds "7"]
[EventCountry "YUG"]
[SourceTitle "CBM 136 Extra"]
[Source "ChessBase"]
[SourceDate "2010.07.02"]
[SourceVersion "2"]
[SourceVersionDate "2010.07.15"]
[SourceQuality "1"]

1. Nf3 d5 2. g3 e6 3. Bg2 Nf6 4. 0-0 Be7 5. d3 0-0 6. Nbd2 c5 7. e4 Nc6 8. Re1 b6 9. c3 Bb7 10. e5 Nd7 11. Nf1 b5 12. h4 a5 13. Bf4 a4 14. N1h2 b4 15. cxb4 Nxb4 16. a3 Nc6 17. Ng5 h6 18. Nh3 Nd4 19. Ng4 Nf5 20. Ne3 Nxe3 21. Rxe3 Bc6 22. Qh5 Kh7 23. g4 Qe8 24. g5 f5 25. Qe2 hxg5 26. Bxg5 Rh8 27. Rg3 Kg8 28. Nf4 Nf8 29. Bf6 Rh7 30. Bf3 Bxf6 31. exf6 g6 32. h5 1-0

[Event "Senta op-B 13th"]
[Site "Senta"]
[Date "2009.07.25"]
[Round "9"]
[White "Paroski, Sinisa"]
[Black "Vince, Viola"]
[Result "1-0"]
[WhiteElo "2170"]
[BlackElo "2016"]
[PlyCount "141"]
[EventDate "2009.07.18"]
[EventType "swiss"]
[EventRounds "9"]
[EventCountry "YUG"]
[SourceTitle "EXT 2012"]
[Source "ChessBase"]
[SourceDate "2011.11.24"]
[SourceVersion "1"]
[SourceVersionDate "2011.11.24"]
[SourceQuality "1"]

1. e4 c5 2. Nf3 e6 3. c3 d5 4. exd5 Qxd5 5. d4 Nf6 6. Bd3 Nc6 7. 0-0 Be7 8. Na3 0-0 9. Nc2 cxd4 10. cxd4 b6 11. Qe2 Qd6 12. Bd2 Bb7 13. a3 Rad8 14. Rad1 Qb8 15. b4 Qa8 16. Bg5 h6 17. Bh4 Nd5 18. Qe4 g6 19. Rd2 Kg7 20. Re1 Bxh4 21. Qxh4 Rde8 22. Ne5 Qd8 23. Qe4 Qg5 24. Nf3 Qf4 25. Ne3 Qxe4 26. Bxe4 Nf6 27. Bc2 Rd8 28. Red1 Rd7 29. Ne5 Nxe5 30. dxe5 Nd5 31. Nc4 Rfd8 32. Ba4 Rc7 33. Nd6 Ba8 34. Nb5 Rcd7 35. f3 a6 36. Nc3 Rc8 37. Ne4 Rdc7 38. Nd6 Rd8 39. Ne8+ Rxe8 40. Bxe8 b5 41. a4 Kf8 42. axb5 Kxe8 43. bxa6 Ra7 44. b5 Kd7 45. Rc2 Rc7 46. Rb2 Ra7 47. b6 Rxa6 48. b7 Bxb7 49. Rxb7+ Ke8 50. Rb8+ Kd7 51. Rdb1 Nc7 52. Rd1+ Nd5 53. Rdb1 Nc7 54. Rh8 h5 55. Kf2 Rc6 56. Kg3 Rc4 57. Rbb8 Kc6 58. Rbd8 Nd5 59. Rc8+ Nc7 60. Rcf8 Kd5 61. Rxf7 Kxe5 62. Rc8 Kd6 63. Rcxc7 Rxc7 64. Rxc7 Kxc7 65. Kh4 Kd6 66. Kg5 Ke5 67. Kxg6 h4 68. Kg5 h3 69. g3 Kd4 70. Kg4 Ke3 71. f4 1-0

[Event "Senta op-B 13th"]
[Site "Senta"]
[Date "2009.07.20"]
[Round "4"]
[White "Paroski, Sinisa"]
[Black "Juhasz, Jeno"]
[Result "1-0"]
[WhiteElo "2170"]
[BlackElo "1990"]
[PlyCount "93"]
[EventDate "2009.07.18"]
[EventType "swiss"]
[EventRounds "9"]
[EventCountry "YUG"]
[SourceTitle "EXT 2012"]
[Source "ChessBase"]
[SourceDate "2011.11.24"]
[SourceVersion "1"]
[SourceVersionDate "2011.11.24"]
[SourceQuality "1"]

1. e4 c5 2. Nf3 d6 3. d4 cxd4 4. Nxd4 Nf6 5. Nc3 a6 6. Be2 e6 7. 0-0 Be7 8. Be3 0-0 9. f4 Nbd7 10. Bf3 Qc7 11. Qe1 Re8 12. Kh1 Nb6 13. Rd1 e5 14. Nde2 Nc4 15. Bc1 Be6 16. f5 Bd7 17. b3 Nb6 18. Bg5 Bc6 19. Ng3 Nbd7 20. Rf2 Rac8 21. a4 b6 22. Bc1 Bb7 23. Bb2 Red8 24. Be2 Nb8 25. Bc4 Qc5 26. Nd5 Bxd5 27. Bxd5 Ng4 28. Re2 Bh4 29. Rd3 Qc7 30. Qd2 a5 31. h3 Nf6 32. Nf1 h6 33. g3 Bg5 34. Qd1 Nxd5 35. Rxd5 Nc6 36. h4 Be7 37. c3 Rd7 38. Ne3 Qd8 39. Kg2 Nb8 40. Red2 Rc6 41. Nc4 f6 42. Ba3 Rxc4 43. bxc4 Na6 44. Bxd6 Bxd6 45. Rxd6 Rxd6 46. Rxd6 Qe7 47. Qd5+ 1-0

[Event "SRB-chT Cup"]
[Site "Sombor"]
[Date "2009.05.19"]
[Round "1"]
[White "Paroski, Sinisa"]
[Black "Asik, Josip"]
[Result "0-1"]
[WhiteElo "2219"]
[BlackElo "2352"]
[PlyCount "78"]
[EventDate "2009.05.19"]
[EventType "team"]
[EventRounds "7"]
[EventCountry "YUG"]
[SourceTitle "CBM 130 Extra"]
[Source "ChessBase"]
[SourceDate "2009.07.02"]
[SourceVersion "2"]
[SourceVersionDate "2009.07.15"]
[SourceQuality "1"]

1. e4 e6 2. d4 d5 3. Nd2 Ne7 4. Bd3 Nbc6 5. Ngf3 g6 6. c3 Bg7 7. 0-0 0-0 8. Re1 e5 9. dxe5 Bg4 10. Qb3 Rb8 11. exd5 Nxd5 12. Be4 Be6 13. c4 Nb6 14. Bxc6 bxc6 15. Qc2 Re8 16. b3 Bf5 17. Ne4 Nd7 18. Bg5 Qc8 19. Qc3 Bxe4 20. Rxe4 Nc5 21. Re3 Qf5 22. Rae1 h6 23. Bh4 g5 24. Bg3 Rbd8 25. h3 Ne6 26. Qa5 c5 27. a4 h5 28. Qxa7 h4 29. Bh2 Rb8 30. Qa5 Rb4 31. Qa6 Rb6 32. Qa5 Reb8 33. Qd2 Rxb3 34. Rxb3 Rxb3 35. a5 Ra3 36. Re3 Qb1+ 37. Re1 Qb4 38. Qc1 Qxa5 39. Rd1 Qc3 0-1